[Event "Cocentaina op 11th"]
[Site "Cocentaina"]
[Date "2020.10.25"]
[Round "5"]
[White "Contin, Daniel"]
[Black "Uribe, Jhonny Alberto"]
[Result "0-1"]
[WhiteElo "2292"]
[BlackElo "2224"]
[PlyCount "96"]
[EventDate "2020.10.25"]
[EventType "tourn (blitz)"]
[EventRounds "9"]
[EventCountry "ESP"]
[SourceTitle "EXT 2024"]
[Source "ChessBase"]
[SourceDate "2023.10.10"]
[SourceVersion "1"]
[SourceVersionDate "2023.10.10"]
[SourceQuality "1"]

1. c4 Nf6 2. Nc3 e6 3. e4 d6 4. d4 Nbd7 5. Nf3 e5 6. g3 Be7 7. Bg2 0-0 8. 0-0 Re8 9. h3 c6 10. Be3 Qc7 11. Rc1 Nf8 12. Qc2 Ng6 13. Rfe1 Bf8 14. Qd2 b6 15. d5 c5 16. Bg5 Be7 17. Rf1 a6 18. a4 Bd7 19. b3 Rab8 20. Ra1 b5 21. axb5 axb5 22. Rfb1 b4 23. Nd1 Nxe4 24. Qe3 Nxg5 25. Nxg5 h6 26. Nf3 f5 27. Nd2 Bg5 28. Qd3 e4 29. Qe2 Re7 30. Ra6 Rbe8 31. Rba1 e3 32. Nf1 exf2+ 33. Qxf2 Re2 34. Qf3 Bc8 35. Ra7 Qd8 36. Qh5 Qf6 37. Rc7 Qxa1 38. Qxg6 Qf6 39. Qh5 f4 40. Rxc8 Rxg2+ 41. Kxg2 Rxc8 42. gxf4 Qxf4 43. Qg6 Rf8 44. Qd3 Bf6 45. Nde3 Bd4 46. Ng4 h5 47. Ngh2 Qf2+ 48. Kh1 Qg1# 0-1

[Event "Cocentaina op 11th"]
[Site "Cocentaina"]
[Date "2020.10.25"]
[Round "1.1"]
[White "Garcia Molina, Jose"]
[Black "Uribe, Jhonny Alberto"]
[Result "0-1"]
[WhiteElo "1672"]
[BlackElo "2224"]
[PlyCount "70"]
[EventDate "2020.10.25"]
[EventType "tourn (blitz)"]
[EventRounds "9"]
[EventCountry "ESP"]
[SourceTitle "EXT 2024"]
[Source "ChessBase"]
[SourceDate "2023.10.10"]
[SourceVersion "1"]
[SourceVersionDate "2023.10.10"]
[SourceQuality "1"]

1. Nf3 c5 2. g3 b6 3. Bg2 Bb7 4. 0-0 Nf6 5. d4 cxd4 6. Nxd4 Bxg2 7. Kxg2 a6 8. c4 e6 9. Nc3 Be7 10. e4 d6 11. Be3 0-0 12. h3 Qc7 13. Rc1 Nbd7 14. Re1 Rfe8 15. b3 Qb7 16. f3 Rac8 17. Qe2 Rc7 18. Qf2 Rec8 19. Red1 b5 20. Nce2 bxc4 21. bxc4 Rxc4 22. Rb1 Qa8 23. Nb3 d5 24. exd5 Nxd5 25. Bd4 e5 26. Ba1 e4 27. Ned4 exf3+ 28. Kh2 Ne5 29. Nf5 Rc2 30. Rd2 Rxd2 31. Qxd2 Bb4 32. Qg5 Rc2+ 33. Kg1 f2+ 34. Kh2 f1Q+ 35. Nd2 Nf3# 0-1

[Event "Cocentaina op 11th"]
[Site "Cocentaina"]
[Date "2020.10.25"]
[Round "7"]
[White "Granero Roca, Antonio"]
[Black "Uribe, Jhonny Alberto"]
[Result "0-1"]
[WhiteElo "2375"]
[BlackElo "2224"]
[PlyCount "70"]
[EventDate "2020.10.25"]
[EventType "tourn (blitz)"]
[EventRounds "9"]
[EventCountry "ESP"]
[SourceTitle "EXT 2024"]
[Source "ChessBase"]
[SourceDate "2023.10.10"]
[SourceVersion "1"]
[SourceVersionDate "2023.10.10"]
[SourceQuality "1"]

1. d4 Nf6 2. c4 e6 3. Nf3 b6 4. g3 Bb7 5. Bg2 Bb4+ 6. Bd2 Be7 7. 0-0 0-0 8. Bc3 d6 9. Nbd2 Nbd7 10. b3 c5 11. e3 Qc7 12. Rc1 cxd4 13. exd4 Rac8 14. Re1 Rfe8 15. Bb2 Qb8 16. Nh4 Bxg2 17. Nxg2 d5 18. Nf4 Qa8 19. a3 Bd6 20. Nd3 Rc7 21. c5 bxc5 22. dxc5 Nxc5 23. Nxc5 Rxc5 24. Rxc5 Bxc5 25. Bxf6 gxf6 26. Qg4+ Kh8 27. b4 Bb6 28. Nf3 Qc8 29. Qf4 Qc3 30. Kg2 Rc8 31. Re2 Rc4 32. Qh6 Kg8 33. Nh4 Qd3 34. Qxf6 Qxe2 35. Qd8+ Bxd8 0-1

[Event "Alcoy Tabiya op 9th"]
[Site "Alcoy"]
[Date "2020.09.26"]
[Round "6.4"]
[White "Chernikov, Vladimir"]
[Black "Uribe, Jhonny Alberto"]
[Result "0-1"]
[WhiteElo "2075"]
[BlackElo "2161"]
[PlyCount "53"]
[EventDate "2020.09.26"]
[EventType "tourn (blitz)"]
[EventRounds "9"]
[EventCountry "ESP"]
[SourceTitle "EXT 2024"]
[Source "ChessBase"]
[SourceDate "2023.10.10"]
[SourceVersion "1"]
[SourceVersionDate "2023.10.10"]
[SourceQuality "1"]

1. d4 Nf6 2. Nc3 d5 3. Bf4 e6 4. e3 Bb4 5. Bd3 0-0 6. Nge2 Nbd7 7. a3 Be7 8. Ng3 a6 9. Qf3 b5 10. e4 dxe4 11. Ncxe4 Nd5 12. Bd2 Bb7 13. Nh5 f5 14. Neg3 Re8 15. 0-0-0 c5 16. Qe2 Bf8 17. dxc5 Nxc5 18. Nf4 Qc7 19. Nxd5 Bxd5 20. Bc3 Rac8 21. Kb1 Na4 22. Be5 Qb6 23. h4 b4 24. axb4 Bxb4 25. Bxf5 Nc3+ 26. Bxc3 Bxc3 27. Rxd5 0-1

[Event "Titled Tuesday intern op 08th Sept"]
[Site "Chess.com INT"]
[Date "2020.09.08"]
[Round "1"]
[White "Maghsoodloo, Parham"]
[Black "Uribe, Jhonny Alberto"]
[Result "0-1"]
[WhiteElo "2676"]
[BlackElo "2158"]
[PlyCount "114"]
[EventDate "2020.09.08"]
[EventType "swiss (blitz)"]
[EventRounds "10"]
[EventCountry "USA"]
[SourceTitle "CBM 198 Extra"]
[Source "ChessBase"]
[SourceDate "2020.11.30"]
[SourceVersion "1"]
[SourceVersionDate "2020.11.30"]
[SourceQuality "1"]

1. e4 c6 2. d4 d5 3. Nc3 dxe4 4. Nxe4 Nf6 5. Nxf6+ exf6 6. c3 Bd6 7. Bd3 0-0 8. Qc2 Re8+ 9. Ne2 g6 10. h4 Bg4 11. f3 Be6 12. h5 f5 13. hxg6 hxg6 14. Bh6 Nd7 15. Qd2 Nb6 16. Bg5 f6 17. Bf4 Nc4 18. Qc1 g5 19. Bxd6 Qxd6 20. b3 Nb6 21. Kf2 Nd5 22. Qd2 Kg7 23. Rae1 Rh8 24. Ng3 f4 25. Ne4 Qe7 26. Nc5 Ne3 27. Rxh8 Rxh8 28. Rxe3 fxe3+ 29. Qxe3 Re8 30. Qe4 f5 31. Qe5+ Qf6 32. Qxf6+ Kxf6 33. Nxb7 f4 34. Nc5 Bf5 35. Be4 Bxe4 36. Nxe4+ Kg6 37. Ke2 Rh8 38. c4 Rh1 39. d5 cxd5 40. cxd5 Ra1 41. a4 Ra2+ 42. Kf1 Kf5 43. d6 Ke6 44. b4 Rb2 45. b5 Kd7 46. Kg1 Rb4 47. Kh2 g4 48. Nf6+ Kxd6 49. fxg4 Ke6 50. g5 Rxa4 51. Kh3 Kf5 52. Nd5 Ra3+ 53. Kh2 Kxg5 54. b6 a5 55. Ne7 Rb3 56. Nc6 a4 57. Nd4 Rxb6 0-1

[Event "Titled Tuesday intern op 08th Sept"]
[Site "Chess.com INT"]
[Date "2020.09.08"]
[Round "9"]
[White "Uribe, Jhonny Alberto"]
[Black "Deac, Bogdan Daniel"]
[Result "1-0"]
[WhiteElo "2158"]
[BlackElo "2625"]
[PlyCount "79"]
[EventDate "2020.09.08"]
[EventType "swiss (blitz)"]
[EventRounds "10"]
[EventCountry "USA"]
[SourceTitle "CBM 198 Extra"]
[Source "ChessBase"]
[SourceDate "2020.11.30"]
[SourceVersion "1"]
[SourceVersionDate "2020.11.30"]
[SourceQuality "1"]

1. d4 g6 2. Nf3 Bg7 3. e3 Nf6 4. Bd3 c5 5. Nbd2 0-0 6. c3 d5 7. dxc5 a5 8. 0-0 Nfd7 9. e4 Nxc5 10. Bc2 Be6 11. Qe2 Nc6 12. Rd1 d4 13. cxd4 Nxd4 14. Nxd4 Qxd4 15. Nf3 Qc4 16. Qxc4 Bxc4 17. Be3 Rfc8 18. Bd4 Be2 19. Rd2 Bxf3 20. gxf3 Bxd4 21. Rxd4 Ne6 22. Rd2 Nf4 23. Rad1 Rc5 24. Bb3 Kg7 25. Rd7 a4 26. Bd5 e6 27. b4 Rc2 28. Bxb7 Rb8 29. Ra1 a3 30. b5 Ne2+ 31. Kg2 Nc3 32. Ba6 Nxb5 33. Rb1 Rb2 34. Rc1 Rxa2 35. Bxb5 Rxb5 36. Rcc7 Rg5+ 37. Kf1 Rb5 38. Rxf7+ Kh6 39. h4 g5 40. Rf6+ 1-0

[Event "Seville op 45th"]
[Site "Seville"]
[Date "2020.01.15"]
[Round "6"]
[White "Bukal, Vladimir Jr"]
[Black "Uribe, Jhonny Alberto"]
[Result "1-0"]
[WhiteElo "2385"]
[BlackElo "2149"]
[PlyCount "105"]
[EventDate "2020.01.10"]
[EventType "swiss"]
[EventRounds "9"]
[EventCountry "ESP"]
[SourceTitle "CBM 194 Extra"]
[Source "ChessBase"]
[SourceDate "2020.03.31"]
[SourceVersion "1"]
[SourceVersionDate "2020.03.31"]
[SourceQuality "1"]

1. d4 d5 2. Nf3 Nf6 3. Bf4 e6 4. e3 c5 5. Be2 Qb6 6. Nc3 cxd4 7. Nb5 Na6 8. exd4 Bb4+ 9. c3 Be7 10. a4 0-0 11. Ne5 Ne4 12. Bd3 f6 13. Nf3 g5 14. Bc1 Bd7 15. 0-0 Be8 16. Qe2 Bg6 17. Ne1 Kf7 18. c4 f5 19. c5 Qd8 20. f3 Nf6 21. Bxg5 Nb4 22. Bf4 Ne8 23. Qd2 Nc6 24. Nc2 a6 25. Nc3 e5 26. dxe5 Bxc5+ 27. Kh1 Nc7 28. Ne2 Ne6 29. Bh6 Nxe5 30. Bxf8 Qxf8 31. Rad1 Rd8 32. Nf4 Nc7 33. Qc3 Bd6 34. Qb3 Nxd3 35. Nxd3 f4 36. Rfe1 Kg7 37. Nd4 Re8 38. Rxe8 Qxe8 39. Re1 Qd7 40. Qc3 Kh6 41. b3 Qg7 42. Nf2 Kh5 43. Qd2 Qf6 44. Ng4 Qf7 45. h3 b5 46. a5 b4 47. Qe2 Qg7 48. Ne6 Qc3 49. Nxc7 Bxc7 50. Qe7 Bd6 51. Qe6 Kh4 52. Kh2 h5 53. Qxg6 1-0

[Event "Palmira op"]
[Site "Palmira"]
[Date "2018.09.21"]
[Round "3"]
[White "Uribe, Jhonny Alberto"]
[Black "Becerra, Juan David"]
[Result "0-1"]
[WhiteElo "2149"]
[BlackElo "2293"]
[PlyCount "104"]
[EventDate "2018.09.20"]
[EventType "swiss"]
[EventRounds "7"]
[EventCountry "COL"]
[SourceTitle "CBM 187 Extra"]
[Source "ChessBase"]
[SourceDate "2018.11.04"]
[SourceVersion "1"]
[SourceVersionDate "2018.11.04"]
[SourceQuality "1"]

1. b3 e5 2. Bb2 Nc6 3. e3 Nf6 4. c4 Be7 5. Nf3 e4 6. Nd4 0-0 7. Nxc6 dxc6 8. d4 Bf5 9. Nc3 Qd7 10. Qd2 Rfd8 11. Be2 c5 12. Rd1 cxd4 13. exd4 c6 14. 0-0 Bd6 15. d5 Qc7 16. h3 Qe7 17. Rfe1 Qe5 18. g3 Bxh3 19. Nb5 e3 20. Bxe5 exd2 21. Nxd6 dxe1Q+ 22. Rxe1 cxd5 23. Nxb7 Rd7 24. Nc5 Re7 25. Bxf6 gxf6 26. f3 Rc8 27. b4 dxc4 28. Kf2 Rce8 29. Ne4 Rxe4 30. fxe4 Rxe4 31. Rc1 Be6 32. Rc3 f5 33. a4 Kf8 34. b5 Re5 35. Rc2 Rc5 36. Ke3 Ke7 37. Kd4 Kd6 38. Kc3 Re5 39. Kb4 Re3 40. Rd2+ Kc7 41. a5 c3 42. Rc2 Rxg3 43. Kc5 Bb3 44. b6+ axb6+ 45. axb6+ Kb7 46. Rc1 c2 47. Bb5 Rg6 48. Be2 Rc6+ 49. Kb4 Rxb6+ 50. Ka3 Kc6 51. Bd3 f4 52. Bxh7 Kd5 0-1

[Event "Cali Cuartas Memorial op"]
[Site "Cali"]
[Date "2017.11.25"]
[Round "6"]
[White "Arango Arenas, Juan Camilo"]
[Black "Uribe, Jhonny Alberto"]
[Result "0-1"]
[WhiteElo "2209"]
[BlackElo "2150"]
[PlyCount "74"]
[EventDate "2017.11.22"]
[EventType "swiss"]
[EventRounds "10"]
[EventCountry "COL"]
[SourceTitle "EXT 2019"]
[Source "ChessBase"]
[SourceDate "2018.10.10"]
[SourceVersion "1"]
[SourceVersionDate "2018.10.10"]
[SourceQuality "1"]

1. e4 c5 2. d4 cxd4 3. c3 dxc3 4. Nxc3 Nc6 5. Nf3 e6 6. Bc4 a6 7. 0-0 d6 8. Qe2 Qc7 9. Bf4 Ne5 10. Nxe5 dxe5 11. Bb5+ axb5 12. Nxb5 Qb8 13. Qc4 exf4 14. Nc7+ Kd8 15. Rfd1+ Bd7 16. Rxd7+ Kxd7 17. Rd1+ Bd6 18. Nxa8 b5 19. Qd4 Ke7 20. Nb6 Nf6 21. e5 Bxe5 22. Qb4+ Bd6 23. Qxb5 Rd8 24. Qc6 Bc7 25. Qc5+ Ke8 26. Qc6+ Kf8 27. Nd7+ Nxd7 28. Rxd7 Rxd7 29. Qxd7 Qd8 30. Qa4 Qd2 31. Qa3+ Ke8 32. g3 Qe1+ 33. Kg2 Qe4+ 34. Kh3 f3 35. Qc3 Qf5+ 36. g4 Qf4 37. Qc6+ Kd8 0-1

[Event "Cali Cuartas Memorial op"]
[Site "Cali"]
[Date "2017.11.22"]
[Round "1"]
[White "Uribe, Jhonny Alberto"]
[Black "Morales, Jhon Alexander"]
[Result "0-1"]
[WhiteElo "2150"]
[BlackElo "2387"]
[PlyCount "72"]
[EventDate "2017.11.22"]
[EventType "swiss"]
[EventRounds "10"]
[EventCountry "COL"]
[SourceTitle "EXT 2019"]
[Source "ChessBase"]
[SourceDate "2018.10.10"]
[SourceVersion "1"]
[SourceVersionDate "2018.10.10"]
[SourceQuality "1"]

1. d4 e6 2. c4 b6 3. Nc3 Bb7 4. Bf4 Nf6 5. Nf3 Bb4 6. e3 0-0 7. Bd3 Ne4 8. Qc2 f5 9. a3 Bxc3+ 10. bxc3 d6 11. h4 Qe8 12. Qb3 Nd7 13. c5 Ndxc5 14. dxc5 Nxc5 15. Qd1 e5 16. Bc4+ Kh8 17. Bh2 Qc6 18. Rc1 Rf6 19. h5 Raf8 20. Bg3 Ne4 21. Ba2 Nxg3 22. fxg3 Qc5 23. Qd2 f4 24. exf4 exf4 25. g4 Re8+ 26. Kd1 Bc6 27. Bb3 Qxa3 28. Nd4 f3 29. h6 gxh6 30. g3 f2 31. Rf1 Bf3+ 32. Kc2 Be4+ 33. Kd1 c5 34. Rxf2 Ref8 35. Rxf6 Rxf6 36. Bc2 Rf1+ 0-1